|
|
|
|
| LEADER |
03577nam a22005415i 4500 |
| 001 |
978-3-662-46777-0 |
| 003 |
DE-He213 |
| 005 |
20151204161802.0 |
| 007 |
cr nn 008mamaa |
| 008 |
150609s2015 gw | s |||| 0|eng d |
| 020 |
|
|
|a 9783662467770
|9 978-3-662-46777-0
|
| 024 |
7 |
|
|a 10.1007/978-3-662-46777-0
|2 doi
|
| 040 |
|
|
|d GrThAP
|
| 050 |
|
4 |
|a QH345
|
| 050 |
|
4 |
|a QD415-436
|
| 072 |
|
7 |
|a PSB
|2 bicssc
|
| 072 |
|
7 |
|a SCI007000
|2 bisacsh
|
| 082 |
0 |
4 |
|a 572
|2 23
|
| 100 |
1 |
|
|a Parson, William W.
|e author.
|
| 245 |
1 |
0 |
|a Modern Optical Spectroscopy
|h [electronic resource] :
|b With Exercises and Examples from Biophysics and Biochemistry /
|c by William W. Parson.
|
| 250 |
|
|
|a 2nd ed. 2015.
|
| 264 |
|
1 |
|a Berlin, Heidelberg :
|b Springer Berlin Heidelberg :
|b Imprint: Springer,
|c 2015.
|
| 300 |
|
|
|a XVI, 572 p. 196 illus.
|b online resource.
|
| 336 |
|
|
|a text
|b txt
|2 rdacontent
|
| 337 |
|
|
|a computer
|b c
|2 rdamedia
|
| 338 |
|
|
|a online resource
|b cr
|2 rdacarrier
|
| 347 |
|
|
|a text file
|b PDF
|2 rda
|
| 505 |
0 |
|
|a Introduction -- Basic concepts of quantum mechanics -- Light -- Electronic absorption -- Fluorescence -- Vibrational absorption -- Resonance energy transfer -- Exciton interactions -- Circular dichroism -- Coherence and dephasing -- Pump-probe spectroscopy, photon echoes and vibrational wavepackets -- Raman scattering and other two-photon processes -- Appendix.
|
| 520 |
|
|
|a This textbook offers clear explanations of optical spectroscopic phenomena and shows how spectroscopic techniques are used in modern molecular and cellular biophysics and biochemistry. The topics covered include electronic and vibrational absorption, fluorescence, resonance energy transfer, exciton interactions, circular dichroism, coherence and dephasing, ultrafast pump-probe and photon-echo spectroscopy, single-molecule and fluorescence-correlation spectroscopy, Raman scattering, and multiphoton absorption. This revised and updated edition provides expanded discussions of quantum optics, metal-ligand charge-transfer transitions, entropy changes during photoexcitation, electron transfer from excited molecules, normal-mode calculations, vibrational Stark effects, studies of fast processes by resonance energy transfer in single molecules, and two-dimensional electronic and vibrational spectroscopy. The explanations are sufficiently thorough and detailed to be useful for researchers and graduate students and advanced undergraduates in chemistry, biochemistry and biophysics. They are based on time-dependent quantum mechanics, but are developed from first principles with a clarity that makes them accessible to readers with little prior training in this field. Extra topics and highlights are featured in special boxes throughout the text. The author also provides helpful exercises for each chapter.
|
| 650 |
|
0 |
|a Life sciences.
|
| 650 |
|
0 |
|a Spectroscopy.
|
| 650 |
|
0 |
|a Biochemistry.
|
| 650 |
|
0 |
|a Biophysics.
|
| 650 |
|
0 |
|a Biological physics.
|
| 650 |
|
0 |
|a Optics.
|
| 650 |
|
0 |
|a Optoelectronics.
|
| 650 |
|
0 |
|a Plasmons (Physics).
|
| 650 |
1 |
4 |
|a Life Sciences.
|
| 650 |
2 |
4 |
|a Biochemistry, general.
|
| 650 |
2 |
4 |
|a Spectroscopy/Spectrometry.
|
| 650 |
2 |
4 |
|a Optics, Optoelectronics, Plasmonics and Optical Devices.
|
| 650 |
2 |
4 |
|a Biophysics and Biological Physics.
|
| 710 |
2 |
|
|a SpringerLink (Online service)
|
| 773 |
0 |
|
|t Springer eBooks
|
| 776 |
0 |
8 |
|i Printed edition:
|z 9783662467763
|
| 856 |
4 |
0 |
|u http://dx.doi.org/10.1007/978-3-662-46777-0
|z Full Text via HEAL-Link
|
| 912 |
|
|
|a ZDB-2-SBL
|
| 950 |
|
|
|a Biomedical and Life Sciences (Springer-11642)
|